00246 a2200121 4500001000700000040003500007100002800042240001500070245001000085300000800095362000900103440001200112155612 cEscola São Tomás de Aquino aMOUTINHO, Luiz Damon S.10aSatrelpor10aSatre a1200 a1995 1aModerna